Electric accumulator manual, (Record no. 545458)

000 -LEADER
fixed length control field 00421cam a2200145u 4500
082 ## - DEWEY DECIMAL CLASSIFICATION NUMBER
Classification number 621.31242
Author Mark ELL
100 1# - MAIN ENTRY--PERSONAL NAME
Personal name Elliott, T. C. [from old catalog]
9 (RLIN) 41314
245 10 - TITLE STATEMENT
Title Electric accumulator manual,
260 ## - PUBLICATION, DISTRIBUTION, ETC.
Place of publication, distribution, etc. London,
Name of publisher, distributor, etc. G. Newnes
Date of publication, distribution, etc. [1948]
300 ## - PHYSICAL DESCRIPTION
Extent 179 p.
Other physical details illus., diagrs.
Dimensions 23 cm.
526 ## - STUDY PROGRAM INFORMATION NOTE
Program name 0
Interest level 0
Reading level 0
Title point value 621_312420000000000_ELL
650 #0 - SUBJECT ADDED ENTRY--TOPICAL TERM
Topical term or geographic name entry element MCE
9 (RLIN) 379
650 #0 - SUBJECT ADDED ENTRY--TOPICAL TERM
Topical term or geographic name entry element Storage batteries.
9 (RLIN) 41093
942 ## - ADDED ENTRY ELEMENTS (KOHA)
Source of classification or shelving scheme
Koha item type Book
Holdings
Withdrawn status Lost status Source of classification or shelving scheme Damaged status Not for loan Permanent Location Current Location Date acquired Total Checkouts Full call number Barcode Date last seen Price effective from Koha item type
          Military College of Engineering (MCE) Military College of Engineering (MCE) 05/22/2014   621.31242 ELL MCE-30255 05/22/2014 05/22/2014 Book
© 2023 Central Library, National University of Sciences and Technology. All Rights Reserved.